| 000 | 00650nam a2200277Ia 4500 | ||
|---|---|---|---|
| 003 | OSt | ||
| 005 | 20220912152737.0 | ||
| 006 | a|||||r|||| 00| 0 | ||
| 007 | ta | ||
| 008 | 220909b |||||||| |||| 00| 0 eng d | ||
| 024 | _a36771 | ||
| 037 | _cTextual | ||
| 040 |
_aCSL _beng _cCSL |
||
| 041 | _aeng | ||
| 082 | _aE3:198, G5 | ||
| 100 | _aHaldane J S | ||
| 245 | 0 | _aMethods of air analysis | |
| 250 | _a4th | ||
| 260 | _c1955 | ||
| 300 |
_ap. _ccm. |
||
| 650 | _a Chemistry | ||
| 650 | _aAnalytical | ||
| 700 | _a Graham J Ivor | ||
| 942 |
_hE3:198, G5 _cTEXL _2CC |
||
| 999 |
_c90927 _d90927 |
||